[Event "Gatineau TORO"]
[Site "Gatineau CAN"]
[Date "2013.06.08"]
[Round "3"]
[White "Libersan, Mattieu"]
[Black "De Kerpel, Stijn"]
[Result "0-1"]
[WhiteElo "1867"]
[BlackElo "2048"]
[PlyCount "72"]
[GameId "2160767909347588"]
[EventDate "2013.06.07"]
[EventType "swiss"]
[EventRounds "5"]
[EventCountry "CAN"]
[SourceTitle "EXT 2022"]
[Source "ChessBase"]
[SourceDate "2021.10.06"]
[SourceVersion "1"]
[SourceVersionDate "2021.10.06"]
[SourceQuality "1"]

1. e4 c5 2. a3 g6 3. b4 Bg7 4. Ra2 d5 5. Bb2 Bxb2 6. Rxb2 dxe4 7. Nc3 Nf6 8. Nge2 cxb4 9. axb4 Nc6 10. Ng3 Qd4 11. Be2 h5 12. O-O h4 13. Ngxe4 Nxe4 14. Nxe4 Qxe4 15. Bf3 Qc4 16. d3 Qc3 17. Rb3 Qf6 18. Re1 Nd4 19. Bd5 Be6 20. Bxe6 Nxe6 21. d4 Rd8 22. c3 h3 23. g3 O-O 24. Qg4 Qf5 25. Qxf5 gxf5 26. f4 Rd7 27. Re5 Ng7 28. Rb2 Rc8 29. Rc5 Rcd8 30. Ra2 b6 31. Re5 Rc8 32. Re3 e6 33. Rd2 Ne8 34. d5 Nf6 35. g4 fxg4 36. f5 Rxd5 0-1

[Event "Gatineau TORO"]
[Site "Gatineau CAN"]
[Date "2013.06.08"]
[Round "3"]
[White "Martin, Spencer"]
[Black "Doubleday, William"]
[Result "1/2-1/2"]
[WhiteElo "1955"]
[BlackElo "2065"]
[PlyCount "123"]
[GameId "2160767909347589"]
[EventDate "2013.06.07"]
[EventType "swiss"]
[EventRounds "5"]
[EventCountry "CAN"]
[SourceTitle "EXT 2022"]
[Source "ChessBase"]
[SourceDate "2021.10.06"]
[SourceVersion "1"]
[SourceVersionDate "2021.10.06"]
[SourceQuality "1"]

1. e4 c5 2. Nf3 Nc6 3. d3 g6 4. g3 Bg7 5. Bg2 d6 6. O-O e5 7. Nc3 Nge7 8. Be3 O-O 9. Qd2 Nd4 10. Ne2 f5 11. Nexd4 cxd4 12. Bh6 Nc6 13. Bxg7 Kxg7 14. Nh4 f4 15. Nf3 Qb6 16. c3 Bg4 17. c4 h6 18. h3 Bd7 19. Rab1 a5 20. b3 g5 21. g4 Rh8 22. a3 Kf6 23. Rfc1 h5 24. Nh2 hxg4 25. Nxg4+ Bxg4 26. hxg4 Rh4 27. f3 Qc7 28. Kf2 Qh7 29. Rh1 Rh8 30. Rxh4 Qxh4+ 31. Kg1 Qg3 32. b4 axb4 33. axb4 Qh2+ 34. Kf1 Ra8 35. Qb2 Qh7 36. Kf2 Kg6 37. b5 Nd8 38. Ra1 Rxa1 39. Qxa1 Qc7 40. Qh1 Qh7 41. Qxh7+ Kxh7 42. Ke2 Ne6 43. Kd2 Kg7 44. Kc2 Nc5 45. Bf1 Kf8 46. Kb2 Ke7 47. Ka3 Kd7 48. Kb4 Kc7 49. Be2 Kb6 50. Bf1 Ne6 51. Be2 Nf8 52. Bd1 Ng6 53. Be2 Nh4 54. Bd1 Ng2 55. Be2 Ne1 56. Kb3 Kc5 57. Ka4 Nc2 58. Kb3 Ne3 59. Ka4 Nc2 60. Kb3 Ne1 61. Ka4 b6 62. Kb3 1/2-1/2

[Event "Gatineau TORO"]
[Site "Gatineau CAN"]
[Date "2013.06.08"]
[Round "3"]
[White "Pacey, Kevin"]
[Black "Masse, Hugues"]
[Result "1/2-1/2"]
[WhiteElo "2234"]
[BlackElo "2153"]
[PlyCount "90"]
[GameId "2160767909347590"]
[EventDate "2013.06.07"]
[EventType "swiss"]
[EventRounds "5"]
[EventCountry "CAN"]
[SourceTitle "EXT 2022"]
[Source "ChessBase"]
[SourceDate "2021.10.06"]
[SourceVersion "1"]
[SourceVersionDate "2021.10.06"]
[SourceQuality "1"]

1. e4 e6 2. d4 d5 3. Nc3 Nf6 4. exd5 exd5 5. Bg5 Be7 6. Qf3 c6 7. Bd3 Nbd7 8. Nge2 Nf8 9. h3 Ne6 10. Be3 Qc7 11. O-O-O Bd7 12. g4 Bd6 13. h4 O-O-O 14. g5 Ng8 15. h5 Rf8 16. Qg2 Nf4 17. Bxf4 Bxf4+ 18. Kb1 Bd6 19. Rdf1 Ne7 20. f4 Bf5 21. Qf3 Qd7 22. Ng3 Bxd3 23. Qxd3 f6 24. Nce2 Kb8 25. Qe3 Nf5 26. Nxf5 Qxf5 27. gxf6 Qxf6 28. f5 g6 29. Ng3 g5 30. Re1 Bf4 31. Qd3 Re8 32. h6 Rxe1+ 33. Rxe1 Qxh6 34. Rh1 Qd6 35. Nh5 Rf8 36. f6 Qc7 37. a3 Bd6 38. Ka2 Qf7 39. Qf5 Qg6 40. Qd7 Bc7 41. Rh3 Qf7 42. Qf5 Qg6 43. Qd7 Qf7 44. Qf5 Qg6 45. Qd7 Qf7 1/2-1/2

[Event "Gatineau TORO"]
[Site "Gatineau CAN"]
[Date "2013.06.08"]
[Round "3"]
[White "Palsson, Halldor"]
[Black "Kalra, Agastya"]
[Result "1-0"]
[WhiteElo "2002"]
[BlackElo "2084"]
[PlyCount "39"]
[GameId "2160767909347591"]
[EventDate "2013.06.07"]
[EventType "swiss"]
[EventRounds "5"]
[EventCountry "CAN"]
[SourceTitle "EXT 2022"]
[Source "ChessBase"]
[SourceDate "2021.10.06"]
[SourceVersion "1"]
[SourceVersionDate "2021.10.06"]
[SourceQuality "1"]

1. d4 Nf6 2. Nf3 c5 3. c3 cxd4 4. cxd4 g6 5. Nc3 d5 6. Bf4 Nc6 7. e3 Nh5 8. Bg5 h6 9. Bh4 g5 10. Bg3 Nxg3 11. hxg3 Bg4 12. Qb3 Qd7 13. Qxd5 Qc7 14. Nxg5 e6 15. Qb3 O-O-O 16. Be2 Bxe2 17. Kxe2 Qa5 18. Nxf7 Rxd4 19. Qxe6+ Kb8 20. Nxh8 1-0

[Event "Gatineau TORO"]
[Site "Gatineau CAN"]
[Date "2013.06.08"]
[Round "3"]
[White "Upper, John"]
[Black "Corriveau, Philippe"]
[Result "1-0"]
[WhiteElo "2167"]
[BlackElo "1985"]
[PlyCount "121"]
[GameId "2160767909347592"]
[EventDate "2013.06.07"]
[EventType "swiss"]
[EventRounds "5"]
[EventCountry "CAN"]
[SourceTitle "EXT 2022"]
[Source "ChessBase"]
[SourceDate "2021.10.06"]
[SourceVersion "1"]
[SourceVersionDate "2021.10.06"]
[SourceQuality "1"]

1. d4 d5 2. Nf3 Nf6 3. e3 g6 4. Bd3 Bg7 5. O-O O-O 6. Nbd2 Nbd7 7. b3 b6 8. Bb2 Bb7 9. Qe2 Re8 10. Rfd1 Nf8 11. c4 c6 12. Rac1 Rc8 13. e4 dxe4 14. Nxe4 Ne6 15. g3 Rc7 16. Neg5 Nxg5 17. Nxg5 e6 18. f4 Qc8 19. Rd2 c5 20. Ne4 Nxe4 21. Bxe4 Bxe4 22. Qxe4 cxd4 23. Bxd4 Bxd4+ 24. Rxd4 Rd7 25. Rcd1 Red8 26. Qe5 Rxd4 27. Rxd4 Rd7 28. Kf2 Qd8 29. Ke3 Qc7 30. Qxc7 Rxc7 31. Kd3 h5 32. Kc3 f6 33. a4 Kf7 34. Rd8 e5 35. fxe5 fxe5 36. Kd3 Kf6 37. Ke4 Rc5 38. Rd6+ Kg5 39. h4+ Kg4 40. Rxg6+ Kh3 41. Rg5 Rc7 42. Kxe5 Re7+ 43. Kd4 Rd7+ 44. Kc3 Rf7 45. Kb4 Rf3 46. Rxh5 Kxg3 47. a5 Kg4 48. axb6 Kxh5 49. bxa7 Rf8 50. Kb5 Kg4 51. c5 Kf5 52. Kb6 Ke5 53. b4 Rh8 54. h5 Kd5 55. b5 Rg8 56. c6 Kd6 57. h6 Rf8 58. c7 Rc8 59. Kb7 Rxc7+ 60. Kb8 Rf7 61. a8=Q 1-0

[Event "Gatineau TORO"]
[Site "Gatineau CAN"]
[Date "2013.06.08"]
[Round "3"]
[White "Zhou, Qiyu"]
[Black "Sadeghi, Saeid"]
[Result "1/2-1/2"]
[WhiteElo "2008"]
[BlackElo "2018"]
[PlyCount "123"]
[GameId "2160767909347593"]
[EventDate "2013.06.07"]
[EventType "swiss"]
[EventRounds "5"]
[EventCountry "CAN"]
[SourceTitle "EXT 2022"]
[Source "ChessBase"]
[SourceDate "2021.10.06"]
[SourceVersion "1"]
[SourceVersionDate "2021.10.06"]
[SourceQuality "1"]

1. e4 c6 2. d4 d5 3. e5 Bf5 4. Nf3 e6 5. Be2 c5 6. O-O cxd4 7. Nxd4 Bg6 8. c4 Ne7 9. Nc3 Nec6 10. cxd5 exd5 11. Kh1 Be7 12. f4 Be4 13. Bf3 Nxd4 14. Qxd4 Nc6 15. Qd1 Bxf3 16. Qxf3 d4 17. Ne4 Qd7 18. Qg3 Rg8 19. Bd2 O-O-O 20. Rfc1 Qd5 21. Qf3 Kb8 22. a3 f6 23. exf6 gxf6 24. f5 Ne5 25. Bf4 Ka8 26. Bxe5 Qxe5 27. b4 Bd6 28. Nxd6 Qxd6 29. Rc5 d3 30. Rd1 Rge8 31. h3 d2 32. Qf2 Qd3 33. Rxd2 Qxa3 34. Ra2 Qe3 35. Qxe3 Rxe3 36. Rca5 Rd6 37. Rxa7+ Kb8 38. Ra8+ Kc7 39. Rh8 Re7 40. Kh2 Kb6 41. Rg8 Kb5 42. Rg4 Rd5 43. Kg3 b6 44. Rf4 Rd3+ 45. Kh4 Rb3 46. Rd2 Rxb4 47. Rxb4+ Kxb4 48. Rd6 Kc5 49. Rxf6 b5 50. Rf8 Rb7 51. f6 Kd6 52. g4 b4 53. Rd8+ Ke6 54. g5 b3 55. Rd1 b2 56. Rb1 Kf7 57. Kg3 Kg6 58. h4 h6 59. gxh6 Kxf6 60. h7 Kg7 61. Kf3 Kxh7 62. Ke3 1/2-1/2

[Event "Gatineau TORO"]
[Site "Gatineau CAN"]
[Date "2013.06.08"]
[Round "4"]
[White "Desjardins, Michel"]
[Black "Upper, John"]
[Result "1/2-1/2"]
[WhiteElo "1869"]
[BlackElo "2167"]
[PlyCount "62"]
[GameId "2160767909347594"]
[EventDate "2013.06.07"]
[EventType "swiss"]
[EventRounds "5"]
[EventCountry "CAN"]
[SourceTitle "EXT 2022"]
[Source "ChessBase"]
[SourceDate "2021.10.06"]
[SourceVersion "1"]
[SourceVersionDate "2021.10.06"]
[SourceQuality "1"]

1. e4 e6 2. d4 d5 3. Nc3 Nf6 4. e5 Nfd7 5. f4 c5 6. Nf3 Nc6 7. Be3 a6 8. Qd2 b5 9. Bd3 b4 10. Na4 cxd4 11. Nxd4 Nxd4 12. Bxd4 Bb7 13. Qe3 Be7 14. O-O g6 15. Kh1 Qc7 16. Rac1 Bc6 17. Nc5 Nxc5 18. Bxc5 Bb5 19. Bxe7 Kxe7 20. Qd4 Rhc8 21. Qxb4+ Qc5 22. Qxc5+ Rxc5 23. Rfd1 Rac8 24. c3 Bc4 25. g3 Bxa2 26. Bxa6 R8c6 27. Bf1 Bb3 28. Rd4 Rb6 29. Kg1 Ra5 30. Rd2 Ra2 31. Rb1 Rb7 1/2-1/2

[Event "Gatineau TORO"]
[Site "Gatineau CAN"]
[Date "2013.06.09"]
[Round "4"]
[White "Corriveau, Philippe"]
[Black "Martin, Spencer"]
[Result "1-0"]
[WhiteElo "1989"]
[BlackElo "1955"]
[PlyCount "71"]
[GameId "2160767909347595"]
[EventDate "2013.06.07"]
[EventType "swiss"]
[EventRounds "5"]
[EventCountry "CAN"]
[SourceTitle "EXT 2022"]
[Source "ChessBase"]
[SourceDate "2021.10.06"]
[SourceVersion "1"]
[SourceVersionDate "2021.10.06"]
[SourceQuality "1"]

1. e4 e5 2. Nf3 Nf6 3. Nc3 Bb4 4. Nxe5 O-O 5. Be2 Re8 6. Nd3 Bxc3 7. dxc3 Nxe4 8. O-O d5 9. Nf4 c6 10. Bd3 Bf5 11. Qh5 Re5 12. Be3 Nd7 13. Bd4 Nef6 14. Qf3 Bxd3 15. cxd3 Re8 16. Rfe1 Qc7 17. Ne2 Re6 18. Ng3 Rae8 19. Kf1 c5 20. Bxf6 Nxf6 21. Rxe6 Rxe6 22. Re1 Rxe1+ 23. Kxe1 Qe5+ 24. Kd2 Qe6 25. h3 Nd7 26. Qf4 Qe5 27. Qg4 Nb6 28. Nh5 g6 29. Ng3 f5 30. Qg5 Qd6 31. Nxf5 Qf8 32. Ne7+ Kf7 33. Nxd5 Nxd5 34. Qxd5+ Ke8 35. Qe5+ Kd8 36. Qb8+ 1-0

[Event "Gatineau TORO"]
[Site "Gatineau CAN"]
[Date "2013.06.09"]
[Round "4"]
[White "De Kerpel, Stijn"]
[Black "Pacey, Kevin"]
[Result "1/2-1/2"]
[WhiteElo "2048"]
[BlackElo "2234"]
[PlyCount "100"]
[GameId "2160767909347596"]
[EventDate "2013.06.07"]
[EventType "swiss"]
[EventRounds "5"]
[EventCountry "CAN"]
[SourceTitle "EXT 2022"]
[Source "ChessBase"]
[SourceDate "2021.10.06"]
[SourceVersion "1"]
[SourceVersionDate "2021.10.06"]
[SourceQuality "1"]

1. d4 d6 2. e4 Nf6 3. Nc3 g6 4. Nf3 Bg7 5. h3 O-O 6. Be3 b6 7. Bd3 Bb7 8. O-O e6 9. Bg5 h6 10. Bh4 Qe8 11. e5 Nd5 12. Ne4 dxe5 13. dxe5 Nd7 14. Bg3 Nb4 15. Qe2 Nxd3 16. cxd3 Qe7 17. d4 Bxe4 18. Qxe4 Qb4 19. Qc2 c5 20. Rad1 c4 21. Nd2 b5 22. h4 h5 23. Bf4 Nb6 24. a3 Qa4 25. Qe4 Nd5 26. Nb1 Qb3 27. Bc1 c3 28. Nxc3 Nxc3 29. bxc3 Qxc3 30. Rd3 Qc4 31. Bg5 Rac8 32. Rfd1 Qd5 33. Qe2 Rfe8 34. g4 hxg4 35. Qxg4 Rc4 36. h5 Qxe5 37. hxg6 fxg6 38. Be3 Qf5 39. Qg2 Rd8 40. Qb7 Qg4+ 41. Kf1 Rd5 42. Qxa7 Kh7 43. Qb7 Rc2 44. R3d2 Qf3 45. Ke1 Rc3 46. Rd3 Qh1+ 47. Ke2 Qh5+ 48. Ke1 Qh1+ 49. Ke2 Qh5+ 50. Ke1 Qh1+ 1/2-1/2

[Event "Gatineau TORO"]
[Site "Gatineau CAN"]
[Date "2013.06.09"]
[Round "4"]
[White "Donev, Danail"]
[Black "Zhou, Qiyu"]
[Result "0-1"]
[WhiteElo "2070"]
[BlackElo "2008"]
[PlyCount "98"]
[GameId "2160767909347597"]
[EventDate "2013.06.07"]
[EventType "swiss"]
[EventRounds "5"]
[EventCountry "CAN"]
[SourceTitle "EXT 2022"]
[Source "ChessBase"]
[SourceDate "2021.10.06"]
[SourceVersion "1"]
[SourceVersionDate "2021.10.06"]
[SourceQuality "1"]

1. e4 c5 2. Nc3 Nc6 3. g3 g6 4. Bg2 Bg7 5. d3 d6 6. f4 e6 7. Nf3 Nge7 8. O-O O-O 9. Be3 Nd4 10. e5 Nec6 11. exd6 Qxd6 12. Ne4 Qc7 13. c3 Nxf3+ 14. Qxf3 c4 15. dxc4 Na5 16. c5 Bd7 17. Bd4 Bc6 18. Qf2 Rad8 19. Nf6+ Kh8 20. Ng4 Bxd4 21. cxd4 Bxg2 22. Kxg2 Qc6+ 23. Kg1 Qa4 24. b3 Qxd4 25. Rad1 Qxf2+ 26. Kxf2 Nc6 27. Ke3 Nb4 28. Ne5 Nd5+ 29. Kf3 Kg7 30. a3 Nc3 31. Rxd8 Rxd8 32. Rc1 Nb5 33. b4 Nxa3 34. Ra1 Nb5 35. Ke3 a6 36. Nf3 Nc3 37. Kf2 Kf6 38. Rc1 Nb5 39. Rc4 Ke7 40. Ke3 f6 41. Nd2 Na3 42. Rc3 Rxd2 43. Kxd2 Nb1+ 44. Kc2 Nxc3 45. Kxc3 Kd7 46. Kd4 Kc6 47. g4 Kb5 48. Kc3 g5 49. f5 e5 0-1

[Event "Gatineau TORO"]
[Site "Gatineau CAN"]
[Date "2013.06.09"]
[Round "4"]
[White "Doubleday, William"]
[Black "Libersan, Mattieu"]
[Result "0-1"]
[WhiteElo "2065"]
[BlackElo "1867"]
[PlyCount "122"]
[GameId "2160767909347598"]
[EventDate "2013.06.07"]
[EventType "swiss"]
[EventRounds "5"]
[EventCountry "CAN"]
[SourceTitle "EXT 2022"]
[Source "ChessBase"]
[SourceDate "2021.10.06"]
[SourceVersion "1"]
[SourceVersionDate "2021.10.06"]
[SourceQuality "1"]

1. d4 Nf6 2. Nf3 e6 3. g3 d5 4. c4 dxc4 5. Bg2 c6 6. O-O Nbd7 7. Qc2 b5 8. Rd1 Bb7 9. a4 a6 10. Nbd2 Be7 11. b3 cxb3 12. Nxb3 O-O 13. Bd2 c5 14. dxc5 Rc8 15. Ba5 Qe8 16. axb5 axb5 17. Bb4 Nd5 18. Be1 Nxc5 19. Nbd4 Na4 20. Qb3 Ndc3 21. Rd2 Bd5 22. Qc2 Nxe2+ 23. Rxe2 Rxc2 24. Rxc2 b4 25. Nd2 Bxg2 26. Kxg2 Nc3 27. N2b3 Qc8 28. f3 Rd8 29. Rac1 Bf6 30. Bxc3 bxc3 31. Rxc3 Qb7 32. Rc7 Qb8 33. R7c3 h6 34. Nc6 Qb6 35. Nxd8 Bxc3 36. Rxc3 Qxd8 37. h4 Qd1 38. Re3 Qc2+ 39. Kh3 Qf2 40. Rc3 h5 41. f4 Qg1 42. Rc2 Qd1 43. Rb2 Qh1+ 44. Rh2 Qf1+ 45. Rg2 f6 46. Nd2 Qd1 47. Kh2 e5 48. fxe5 fxe5 49. Ne4 Qd3 50. Ng5 e4 51. Rb2 Kf8 52. Ne6+ Kf7 53. Nf4 Qf3 54. Re2 e3 55. Re1 Qf2+ 56. Ng2 e2 57. Kh3 Kf6 58. Ra1 g6 59. Re1 Kf5 60. Ra1 Ke4 61. Re1 Kf3 0-1

[Event "Gatineau TORO"]
[Site "Gatineau CAN"]
[Date "2013.06.09"]
[Round "4"]
[White "Laptos, Krzysztof"]
[Black "Dumont, Felix"]
[Result "1/2-1/2"]
[WhiteElo "2271"]
[BlackElo "2151"]
[PlyCount "62"]
[GameId "2160767909347601"]
[EventDate "2013.06.07"]
[EventType "swiss"]
[EventRounds "5"]
[EventCountry "CAN"]
[SourceTitle "EXT 2022"]
[Source "ChessBase"]
[SourceDate "2021.10.06"]
[SourceVersion "1"]
[SourceVersionDate "2021.10.06"]
[SourceQuality "1"]

1. d4 Nf6 2. Nf3 g6 3. Bf4 Bg7 4. e3 O-O 5. Be2 c5 6. c3 d6 7. Nbd2 Nc6 8. O-O Re8 9. dxc5 dxc5 10. e4 e5 11. Bg5 Qc7 12. Qc2 Be6 13. a4 h6 14. Bh4 g5 15. Bg3 Nh5 16. Bc4 Rad8 17. Bxe6 Rxe6 18. Nc4 Nxg3 19. fxg3 b6 20. g4 a6 21. Ne3 Ne7 22. h4 c4 23. hxg5 hxg5 24. Rad1 Red6 25. Rde1 Rd3 26. g3 Qc5 27. Qf2 f6 28. Nxg5 fxg5 29. Qf7+ Kh8 30. Qh5+ Kg8 31. Qf7+ Kh8 1/2-1/2

[Event "Gatineau TORO"]
[Site "Gatineau CAN"]
[Date "2013.06.09"]
[Round "4"]
[White "Masse, Hugues"]
[Black "Hamilton, Robert"]
[Result "1/2-1/2"]
[WhiteElo "2153"]
[BlackElo "2305"]
[PlyCount "78"]
[GameId "2160767909347602"]
[EventDate "2013.06.07"]
[EventType "swiss"]
[EventRounds "5"]
[EventCountry "CAN"]
[SourceTitle "EXT 2022"]
[Source "ChessBase"]
[SourceDate "2021.10.06"]
[SourceVersion "1"]
[SourceVersionDate "2021.10.06"]
[SourceQuality "1"]

1. d4 g6 2. c4 Bg7 3. e4 d6 4. Nf3 e5 5. Be2 Nc6 6. dxe5 dxe5 7. Qxd8+ Nxd8 8. Nc3 Ne6 9. Be3 Nf6 10. Nxe5 Nxe4 11. Nxe4 Bxe5 12. O-O-O O-O 13. Nc5 Nxc5 14. Bxc5 Bf4+ 15. Kc2 Re8 16. Bd3 b6 17. Bb4 Bb7 18. f3 c5 19. Bc3 Re6 20. Rde1 Rae8 21. Rxe6 Rxe6 22. h3 Bg3 23. Rd1 Kf8 24. Rd2 Ke7 25. Re2 f5 26. b3 Kd6 27. Rxe6+ Kxe6 28. Kd1 Be5 29. Bd2 Kf6 30. Ke2 Bd4 31. Bf4 Be5 32. Bd2 f4 33. a4 a5 34. Bc2 h6 35. Bd3 g5 36. Bh7 Bb2 37. Kd3 Ke5 38. Bg6 Bc6 39. Be1 Bb7 1/2-1/2

[Event "Gatineau TORO"]
[Site "Gatineau CAN"]
[Date "2013.06.09"]
[Round "4"]
[White "Palsson, Halldor"]
[Black "Tomb, Maroun"]
[Result "0-1"]
[WhiteElo "1993"]
[BlackElo "2184"]
[PlyCount "128"]
[GameId "2160767909347603"]
[EventDate "2013.06.07"]
[EventType "swiss"]
[EventRounds "5"]
[EventCountry "CAN"]
[SourceTitle "EXT 2022"]
[Source "ChessBase"]
[SourceDate "2021.10.06"]
[SourceVersion "1"]
[SourceVersionDate "2021.10.06"]
[SourceQuality "1"]

1. d4 Nf6 2. c4 d6 3. Nc3 e5 4. d5 Nbd7 5. e4 Nc5 6. f3 a5 7. Be3 Be7 8. Qd2 h6 9. O-O-O Nfd7 10. Nh3 Nf8 11. g3 Ng6 12. Kb1 O-O 13. Nf2 f5 14. Nd3 Nxd3 15. Bxd3 f4 16. gxf4 Nxf4 17. Bc2 Bh3 18. Rhg1 Bh4 19. Rc1 b6 20. Ne2 Nxe2 21. Qxe2 g5 22. Bd1 Qe7 23. Bf2 Bxf2 24. Qxf2 Rf4 25. Qg3 Qd7 26. Ba4 Qc8 27. Bc6 Rb8 28. a3 Kh7 29. Ba4 Rh4 30. Rc3 Qf8 31. Bd1 Qf7 32. Re1 Rf8 33. Ree3 Bd7 34. b4 axb4 35. axb4 Qh5 36. Re2 Rh3 37. Qg2 Rhxf3 38. Re1 g4 39. Bxf3 gxf3 40. Qf2 Rf4 41. c5 bxc5 42. bxc5 Rxe4 43. Rxe4 Bf5 44. cxd6 Bxe4+ 45. Kb2 cxd6 46. Rc7+ Kg6 47. Rd7 Kf5 48. Rxd6 Qg5 49. Qb6 Qd2+ 50. Ka3 Qc1+ 51. Kb4 Qb2+ 52. Kc5 Qc3+ 53. Kb5 Bd3+ 54. Ka4 Qa1+ 55. Kb3 Qb1+ 56. Kc3 Qc2+ 57. Kb4 Qb2+ 58. Ka4 Bc2+ 59. Ka5 Qa3+ 60. Kb5 Qb3+ 61. Kc6 Qxb6+ 62. Kxb6 f2 63. Rd8 Kf4 64. Rf8+ Bf5 0-1

[Event "Gatineau TORO"]
[Site "Gatineau CAN"]
[Date "2013.06.09"]
[Round "4"]
[White "Sadeghi, Saeid"]
[Black "Kalra, Agastya"]
[Result "0-1"]
[WhiteElo "2018"]
[BlackElo "2084"]
[PlyCount "74"]
[GameId "2160767909347604"]
[EventDate "2013.06.07"]
[EventType "swiss"]
[EventRounds "5"]
[EventCountry "CAN"]
[SourceTitle "EXT 2022"]
[Source "ChessBase"]
[SourceDate "2021.10.06"]
[SourceVersion "1"]
[SourceVersionDate "2021.10.06"]
[SourceQuality "1"]

1. d4 Nf6 2. Bg5 d5 3. Bxf6 exf6 4. Nf3 Bg4 5. Nbd2 Nd7 6. g3 Bxf3 7. Nxf3 c6 8. Bg2 f5 9. O-O Bd6 10. e3 Nf6 11. c4 Ne4 12. cxd5 cxd5 13. Qb3 Qa5 14. Qxb7 O-O 15. Qd7 g6 16. Ne5 Bxe5 17. dxe5 Rad8 18. Qe7 Rde8 19. Qd7 Rd8 20. Qe7 Rde8 21. Qh4 Rxe5 22. Bxe4 fxe4 23. Qf6 Rfe8 24. Qc6 R5e6 25. Qc2 Qb6 26. Qd2 Rd8 27. Qd4 Qxd4 28. exd4 Rc8 29. f3 e3 30. Rac1 Rb8 31. Rc5 Rxb2 32. Rxd5 Rxa2 33. Rd8+ Kg7 34. d5 Rb6 35. Rc8 Rbb2 36. Re1 Rg2+ 37. Kf1 Raf2# 0-1

[Event "Gatineau TORO"]
[Site "Gatineau CAN"]
[Date "2013.06.09"]
[Round "4"]
[White "Sambuev, Bator"]
[Black "Larochelle, Martial"]
[Result "1-0"]
[WhiteElo "2589"]
[BlackElo "2186"]
[PlyCount "47"]
[GameId "2160767909347605"]
[EventDate "2013.06.07"]
[EventType "swiss"]
[EventRounds "5"]
[EventCountry "CAN"]
[SourceTitle "EXT 2022"]
[Source "ChessBase"]
[SourceDate "2021.10.06"]
[SourceVersion "1"]
[SourceVersionDate "2021.10.06"]
[SourceQuality "1"]

1. d4 Nf6 2. Nf3 g6 3. Bg5 Bg7 4. Nbd2 O-O 5. e4 d5 6. exd5 Nxd5 7. c3 b6 8. Bc4 Bb7 9. O-O c5 10. dxc5 bxc5 11. Re1 Nf6 12. Qb3 Bxf3 13. Nxf3 Nc6 14. Qa3 Qb6 15. Be3 Nd7 16. Rad1 Rfd8 17. b4 Qc7 18. Bxf7+ Kxf7 19. Qb3+ Ke8 20. Qg8+ Nf8 21. Ng5 Rxd1 22. Rxd1 Nd8 23. Qxg7 cxb4 24. cxb4 1-0

[Event "Gatineau TORO"]
[Site "Gatineau CAN"]
[Date "2013.06.09"]
[Round "5"]
[White "Corriveau, Philippe"]
[Black "Forget, David"]
[Result "1-0"]
[WhiteElo "1925"]
[BlackElo "1790"]
[PlyCount "49"]
[GameId "2160767909347606"]
[EventDate "2013.06.07"]
[EventType "swiss"]
[EventRounds "5"]
[EventCountry "CAN"]
[SourceTitle "EXT 2022"]
[Source "ChessBase"]
[SourceDate "2021.10.06"]
[SourceVersion "1"]
[SourceVersionDate "2021.10.06"]
[SourceQuality "1"]

1. e4 e6 2. d3 d5 3. Nd2 c5 4. g3 Nc6 5. Bg2 Bd6 6. Ngf3 Nge7 7. O-O O-O 8. Re1 Qc7 9. c3 f6 10. Nf1 d4 11. N1d2 b5 12. a4 b4 13. Nc4 bxc3 14. bxc3 Ba6 15. cxd4 Bxc4 16. dxc5 Bxg3 17. hxg3 Rfd8 18. d4 Nxd4 19. Nxd4 e5 20. Qc2 Rxd4 21. Be3 Bd3 22. Qb3+ Bc4 23. Qc3 Qxc5 24. Rac1 Rc8 25. Bf1 1-0

[Event "Gatineau TORO"]
[Site "Gatineau CAN"]
[Date "2013.06.09"]
[Round "5"]
[White "Cova, Ramon"]
[Black "Pacey, Kevin"]
[Result "1/2-1/2"]
[WhiteElo "2088"]
[BlackElo "2234"]
[PlyCount "70"]
[GameId "2160767909347607"]
[EventDate "2013.06.07"]
[EventType "swiss"]
[EventRounds "5"]
[EventCountry "CAN"]
[SourceTitle "EXT 2022"]
[Source "ChessBase"]
[SourceDate "2021.10.06"]
[SourceVersion "1"]
[SourceVersionDate "2021.10.06"]
[SourceQuality "1"]

1. d4 Nf6 2. Nf3 c5 3. e3 g6 4. c3 b6 5. Nbd2 Bb7 6. Bd3 d5 7. Ne5 Bg7 8. O-O O-O 9. f4 e6 10. Qe1 Ne4 11. Nxe4 dxe4 12. Be2 f6 13. Ng4 Nd7 14. b3 f5 15. Ne5 Nxe5 16. dxe5 g5 17. g3 Qe7 18. Bb2 gxf4 19. gxf4 Kh8 20. c4 Rg8 21. Kh1 Bh6 22. Qf2 Rg7 23. Rg1 Rag8 24. Rxg7 Rxg7 25. Rg1 Rxg1+ 26. Kxg1 Qd8 27. Bc3 Bc6 28. a4 Be8 29. Be1 Bf8 30. Qh4 Be7 31. Qh6 Bf7 32. Qh3 Bg6 33. Qg3 Qg8 34. Kf1 a5 35. Bc3 Be8 1/2-1/2

[Event "Gatineau TORO"]
[Site "Gatineau CAN"]
[Date "2013.06.09"]
[Round "5"]
[White "Dumont, Felix"]
[Black "Hamilton, Robert"]
[Result "0-1"]
[WhiteElo "2151"]
[BlackElo "2305"]
[PlyCount "57"]
[GameId "2160767909347608"]
[EventDate "2013.06.07"]
[EventType "swiss"]
[EventRounds "5"]
[EventCountry "CAN"]
[SourceTitle "EXT 2022"]
[Source "ChessBase"]
[SourceDate "2021.10.06"]
[SourceVersion "1"]
[SourceVersionDate "2021.10.06"]
[SourceQuality "1"]

1. e4 c5 2. Nf3 e6 3. d4 cxd4 4. Nxd4 a6 5. Nc3 b5 6. Bd3 Bb7 7. Be3 d6 8. f4 Nd7 9. f5 e5 10. Nf3 Ngf6 11. Bg5 Be7 12. a3 O-O 13. Qe2 d5 14. exd5 Nxd5 15. Nxd5 Bxd5 16. f6 Bxf6 17. h4 e4 18. O-O-O exd3 19. Qxd3 Bxf3 20. gxf3 Bxg5+ 21. hxg5 Qxg5+ 22. f4 Qxf4+ 23. Kb1 Nf6 24. Rdf1 Qe5 25. Qh3 Rac8 26. Rh2 Rc6 27. Rg2 Nh5 28. Qh2 Rg6 29. Re2 0-1

[Event "Gatineau TORO"]
[Site "Gatineau CAN"]
[Date "2013.06.09"]
[Round "5"]
[White "Dunne, Francesco"]
[Black "Palsson, Halldor"]
[Result "1/2-1/2"]
[WhiteElo "2072"]
[BlackElo "1993"]
[PlyCount "98"]
[GameId "2160767909347609"]
[EventDate "2013.06.07"]
[EventType "swiss"]
[EventRounds "5"]
[EventCountry "CAN"]
[SourceTitle "EXT 2022"]
[Source "ChessBase"]
[SourceDate "2021.10.06"]
[SourceVersion "1"]
[SourceVersionDate "2021.10.06"]
[SourceQuality "1"]

1. e4 e6 2. d4 d5 3. Nd2 Nf6 4. e5 Nfd7 5. Bd3 c5 6. c3 Nc6 7. Ngf3 Be7 8. O-O g5 9. dxc5 g4 10. Nd4 Ndxe5 11. Bb5 Bd7 12. b4 h5 13. N2b3 Ng6 14. Nxc6 Bxc6 15. Bd3 Rg8 16. Re1 Qc7 17. Qe2 O-O-O 18. a4 Nh4 19. Nd4 Bf6 20. Kh1 e5 21. Nb5 Qb8 22. Qc2 e4 23. Bf1 Be5 24. a5 Bxh2 25. Nd4 g3 26. b5 Be8 27. c6 gxf2 28. Re3 Nxg2 29. Rh3 Ne1 30. Qxf2 Rg1+ 31. Qxg1 Bxg1 32. Kxg1 Nf3+ 33. Nxf3 exf3 34. Rxf3 bxc6 35. Bf4 Qb7 36. b6 a6 37. Bc7 c5 38. Re1 d4 39. Bg2 Bc6 40. Bh3+ Bd7 41. Bxd7+ Kxd7 42. Rxf7+ Kc8 43. Ree7 Rg8+ 44. Rg7 Rxg7+ 45. Rxg7 Qe4 46. Bg3 Qb1+ 47. Kh2 Qc2+ 48. Kh3 Qf5+ 49. Kh2 Qc2+ 1/2-1/2